000 00416nam a2200145Ia 4500
008 220217s9999||||xx |||||||||||||| ||und||
020 _a9971-51-337-4
082 _a005.73 GOO
100 _aGoodrich, Michael, T Tamassia, Roberto
_93371
245 0 _aData structures and algorithams in java
250 _a2nd
260 _aJohn wiley and sons
_bNew York
_c2001
300 _b336
650 _aDATA STRUCTURES
999 _c171516
_d171516